=LDR 00000nam 2200000 4500 =001 INLIS000000000015194 =005 20130612110457 =008 ***********************************Ind** =035 ##$$0010-061300000015194 =041 ##$$a Ind =082 ##$$a 621.381 =090 ##$$a 621.381 =100 ##$$a Irawan Adimas =245 ##$$a Peralatan Uku dan Alat USI Analogi Digital, Dapat Membuat Sendiri Berbagai konstruksi, Adimas Ari Irawan =260 ##$$a 1996 $b Solo =300 ##$$a 128 hlm, Ilus, 21 cm =650 ##$$a Analog Digital =850 ##$$a NBPNMAT